000 00927nam0a22002651 4500
001 rc\999299
005 20250622072544.0
035 _a(NLR Aleph) 006165752
090 _a5911121
_c5911121
100 _a20041129d1981 |||y0rusy50 ca
101 0 _arus
102 _aRU
105 _aa |||||||||
200 1 _aТепловые процессы при сварке и пайке
_eУчеб. пособие
210 _aМ.
_cМФТИ
_d1981
215 _a77 с.
_cил.
_d20
300 _aВ надзаг.: Моск. физ.-техн. ин-т, Каф. "Технология свароч. пр-ва"
320 _aБиблиогр.: с. 76 (5 назв.)
700 1 _aСидякин
_bВ.А.
_gВиталий Александрович
701 1 _aЧакалев
_bА.А.
_gАлексей Андреевич
801 0 _aRU
_bNLR
_gpsbo
801 1 _aRU
_bELAR
_2rusmarc
852 _aNLR
_j82-4/10133
942 _cBOOK
980 _aNB